Problems of geochemistry : Jubilee collection dedicated to the 70th birthday of academician A.P.Vinogradov (Record no. 351357)

MARC details
000 -LEADER
fixed length control field 004820000a22001450004500
060 ## - NATIONAL LIBRARY OF MEDICINE CALL NUMBER
Classification number 100
082 ## - DEWEY DECIMAL CLASSIFICATION NUMBER
Classification number 551.9 KHI
100 ## - MAIN ENTRY--PERSONAL NAME
Personal name Khitarov, N.I.
245 ## - TITLE STATEMENT
Title Problems of geochemistry : Jubilee collection dedicated to the 70th birthday of academician A.P.Vinogradov
260 ## - PUBLICATION, DISTRIBUTION, ETC. (IMPRINT)
Place of publication, distribution, etc. Jerusalem, Israel Program for Scientific translations Ltd
260 ## - PUBLICATION, DISTRIBUTION, ETC. (IMPRINT)
Date of publication, distribution, etc. 1969
300 ## - PHYSICAL DESCRIPTION
Extent 754
650 ## - SUBJECT ADDED ENTRY--TOPICAL TERM
Topical term or geographic name as entry element Geochemistry/ cosmochemistry/ geochemistry - individual elements/ isotypes
942 ## - ADDED ENTRY ELEMENTS (KOHA)
Koha item type Books (General)
Holdings
Withdrawn status Lost status Damaged status Not for loan Home library Current library Date acquired Total Checkouts Full call number Barcode Date last seen Price effective from Koha item type
        College of Agriculture, Vellayani College of Agriculture, Vellayani 02/05/2014   551.9 KHI KAU_COAV-7935 02/05/2014 02/05/2014 Books (General)
Kerala Agricultural University Central Library
Thrissur-(Dt.), Kerala Pin:- 680656, India
Ph : (+91)(487) 2372219
E-mail: librarian@kau.in
Website: http://library.kau.in/